00510nam a22001812 4500001001100000005001700011008004100028020001700069040001500086100002900101245006500130250001400195260003400209300001800243650003000261700003400291852000300325000002368920151217145943.0130318s xx 000 0 eng d a8121925592 : aKABUcKABU1 aDubey, R. C.@000018333512aA Textbook of microbiology /cR. C. Dubey, D. K. Maheshwari. aRev. ed. aNew Delhi :bS. Chand,c2005. axvi, 1034 p. 0aMicrobiology.@00001557021 aMaheshwari, D. K.@00001833361